Genetic and morpho-physiological bases of heterosis in rice (Oryza sativa L.) / (Record no. 9565)
[ view plain ]
| 000 -LEADER | |
|---|---|
| fixed length control field | 01077nam a22002657a 4500 |
| 001 - CONTROL NUMBER | |
| control field | BD-DhSAU 9565 |
| 003 - CONTROL NUMBER IDENTIFIER | |
| control field | BD-DhSAU |
| 005 - DATE AND TIME OF LATEST TRANSACTION | |
| control field | 20190225134251.0 |
| 008 - FIXED-LENGTH DATA ELEMENTS--GENERAL INFORMATION | |
| fixed length control field | 150620b2002 bg ||||||m||| 00| 0 eng d |
| 020 ## - INTERNATIONAL STANDARD BOOK NUMBER | |
| International Standard Book Number | 8257505323 |
| 040 ## - CATALOGING SOURCE | |
| Original cataloging agency | BD-DhSAU |
| 082 ## - DEWEY DECIMAL CLASSIFICATION NUMBER | |
| Edition number | 22 |
| Classification number | 576.5 |
| Item number | B2917 |
| 100 ## - MAIN ENTRY--PERSONAL NAME | |
| Personal name | Bashar, Md Khairul |
| Relator term | Registration # 98-05-691 |
| 245 ## - TITLE STATEMENT | |
| Title | Genetic and morpho-physiological bases of heterosis in rice (Oryza sativa L.) / |
| Remainder of title | Ph.D thesis |
| Statement of responsibility, etc. | Md Khairul Bashar |
| 260 ## - PUBLICATION, DISTRIBUTION, ETC. (IMPRINT) | |
| Place of publication, distribution, etc. | Bangabandhu Sheikh Mujibur Rahman Agricultural University Gazipur-1703, Bangladesh : |
| Name of publisher, distributor, etc. | Department of Genetics and Plant Breeding, |
| Date of publication, distribution, etc. | 2002. |
| 300 ## - PHYSICAL DESCRIPTION | |
| Extent | xiv, 147 p. : |
| Other physical details | ill. ; |
| Dimensions | 30 cm. |
| 500 ## - GENERAL NOTE | |
| General note | Ph.D thesis of Department of Genetics and Plant Breeding, Bangabandhu Sheikh Mujibur Rahman Agricultural University Gazipur-1703, Bangladesh<br/> |
| 504 ## - BIBLIOGRAPHY, ETC. NOTE | |
| Bibliography, etc | Includes bibliographical reference. |
| 590 ## - Name of Cataloguer | |
| Name of Cataloger | Jerin |
| 650 ## - SUBJECT ADDED ENTRY--TOPICAL TERM | |
| Topical term or geographic name as entry element | Genetics and Plant Breeding |
| 650 ## - SUBJECT ADDED ENTRY--TOPICAL TERM | |
| Topical term or geographic name as entry element | rice |
| 700 ## - ADDED ENTRY--PERSONAL NAME | |
| Personal name | Mian, M. A. Khaleque |
| Relator term | Superviser |
| 700 ## - ADDED ENTRY--PERSONAL NAME | |
| Personal name | Nasiruddin, Md. |
| Relator term | Co-superviser |
| 942 ## - ADDED ENTRY ELEMENTS (KOHA) | |
| Source of classification or shelving scheme | Dewey Decimal Classification |
| Koha item type | PhD Thesis |
| Withdrawn status | Lost status | Source of classification or shelving scheme | Damaged status | Not for loan | Collection code | Home library | Branch Name | Shelving location | Date acquired | Total Checkouts | Full call number | Barcode | Date last seen | Price effective from | Koha item type |
|---|---|---|---|---|---|---|---|---|---|---|---|---|---|---|---|
| Dewey Decimal Classification | Not For Loan | Reference | SAU Library | SAU Library | Reference | 06/12/2007 | 576.5 B2917 | 37689 | 20/06/2015 | 20/06/2015 | MS Level Thesis |
